Cedric Gervais Charting Songs (Billboard Hot Dance) - Statistics

General Stats
  • This quiz has been taken 10 times
  • The average score is 3 of 5
Answer Stats
Album Weeks On Peak Artist(s) Song % Correct
Non-Album Single 33 Weeks #2 Lana Del Rey & Cedric Gervais Summertime Sadness
100%
Non-Album Single 7 Weeks #32 David Guetta, Cedric Gervais & Chris Willis Would I Lie to You
100%
Non-Album Single 1 Week #26 Cedric Gervais ft. Ali Tamposi Love Again
50%
Non-Album Single 3 Weeks #46 Cedric Gervais Molly
0%
Non-Album Single 1 Week #49 Cedric Gervais & Howard Jones Things Can Only Get Better
0%
No matching quizzes found
Score Distribution
Percent of People with Each Score
Percentile by Number Answered
Your Score History
You have not taken this quiz